00383nam a2200157Ia 4500008004100000041000800041082001600049100001900065245004100084260003300125300001200158365000700170440000600177650002100183650002100204210719s1963 xx 000 0 und d aeng a940.53 REAS aREADERS DIGEST aSecrets and stories of the war Vol 2 aLondonbReaders Digestc1963 a720bHB cRs v2 aEuropean History aEuropean History